Food Ingredients Plants (Record no. 3547)

MARC details
000 -LEADER
fixed length control field 01025nam a22002777a 4500
001 - CONTROL NUMBER
control field 06223
003 - CONTROL NUMBER IDENTIFIER
control field HDC
007 - PHYSICAL DESCRIPTION FIXED FIELD--GENERAL INFORMATION
fixed length control field cr bn ---aaaaa
008 - FIXED-LENGTH DATA ELEMENTS--GENERAL INFORMATION
fixed length control field 210123b20082008xxu||||| |||| 00| 0 eng d
020 ## - INTERNATIONAL STANDARD BOOK NUMBER
International Standard Book Number 9780849340215
040 ## - CATALOGING SOURCE
Original cataloging agency HDC
100 ## - MAIN ENTRY--PERSONAL NAME
Personal name Maroulis, Zacharias B.
Relator term author
9 (RLIN) 6555
245 #0 - TITLE STATEMENT
Title Food Ingredients Plants
Statement of responsibility, etc. / Zacharias B. Maroulis, George D. Saravacos
260 ## - PUBLICATION, DISTRIBUTION, ETC.
Place of publication, distribution, etc. United States:
Name of publisher, distributor, etc. CRC Press,
Date of publication, distribution, etc. 2008
300 ## - PHYSICAL DESCRIPTION
Extent 1 online resource (19 pages)
336 ## - CONTENT TYPE
Content type term text
Source rdacontent
337 ## - MEDIA TYPE
Media type term computer
Source rdamedia
338 ## - CARRIER TYPE
Carrier type term online resource
Source rdacarrier
500 ## - GENERAL NOTE
General note Originally from: Food plant economics, 2008 (pages 323-341)
-- Includes bibliographical references
650 ## - SUBJECT ADDED ENTRY--TOPICAL TERM
Topical term or geographic name entry element Food industry and trade
9 (RLIN) 140
700 ## - ADDED ENTRY--PERSONAL NAME
Personal name Saravacos, George D.
Relator term joint author
9 (RLIN) 6556
856 ## - ELECTRONIC LOCATION AND ACCESS
Public note Request full-text at [email protected]
942 ## - ADDED ENTRY ELEMENTS (KOHA)
Source of classification or shelving scheme Library of Congress Classification
942 ## - ADDED ENTRY ELEMENTS (KOHA)
Koha item type Chapter in Books
942 ## - ADDED ENTRY ELEMENTS (KOHA)
Call number prefix EBCH 004238
Holdings
Withdrawn status Lost status Source of classification or shelving scheme Damaged status Not for loan Home library Current library Shelving location Date acquired Total checkouts Full call number Date last seen Price effective from Koha item type
    Library of Congress Classification     Halal Development Corporation Library Halal Development Corporation Library Open Shelves 24/05/2023   EBCH 004238 24/05/2023 24/05/2023 Chapter in Books
Halal Development Corporation Berhad (HDC)
5.02 Level 5, KPMG Tower, First Avenue, Persiaran Bandar Utama, 47800 Petaling Jaya, Selangor Darul Ehsan
Phone: +603 7965 5489 Email: [email protected]